1541 1896 1156 1709 1546 1607 1183 1795 1799 1810 1845 1473 1769 1355 1750 1402 1734 1439 1407 1189 1875 1280 1054 1800 1945 1357 1295 1741 1840 1663 1722 1881 1363 1346 1466 1725 1331 1400 1080 1238 1808 1814 1425 1167 1651 1854 1896 1829 1053 1030 1710 1862 1761 1427 1460 1866 1260 1371 1233 1950 1368 1257 1538 1523 1261 1112 1309 1012 1235 1910 1104 1964 1454 1049 1873 1571 1804 1505 1914 1934 1583 1145 1019 1961 1598 1950 1646 1067 1247 1787 1117 1361 1184 1262 1896 1272 1241 1369 1577 BCNSPRNW ULIB Ver.6.0+V

เปลี่ยนเป็นภาษาไทย

Change to English
 แสดงรายละเอียดบรรณานุกรม
  กลับหน้าหลัก

Brief Record : Get Marc (ISO 2709) : E-mail record : QR code < ปิดหน้าต่าง
LEADER : 00000nam 2200000uu 4500
001    13399120853
003     ULIB
008    020711s2549 th a 000 0 tha d
050    BQ1470.V48^bอ656พ
100    อรชา เผือกสุวรรณ
245    เทศน์มหาชาติมหากุศลเฉลิมพระเกียรติถวายพระราชกุศลแด่ พระบาทสมเด็จพระเจ้าอยู่หัว/^cอรชา เผือกสุวรรณ
250    พิมพ์ครั้งที่ 1
260    กรุงเทพฯ :^bคอมฟอร์ม,^c2549
945    ^p0^l0^i24553
999    ^aทศพร เกษรทอง
รายการนี้ยังไม่มีแท็ก
คุณยังไม่ได้ล็อกอิน คุณสามารถมีกิจกรรมร่วมกับเว็บไซต์ได้ แต่ต้องล็อกอินก่อน ::
  ล็อกอิน

รายการสื่อสารสนเทศ

ลำดับที่ ประเภท เลขเรียก/บาร์โค้ด สถานที่ สถานะ
1. วิทยาศาสตร์การแพทย์ และสุขภาพ
วิทยาศาสตร์การแพทย์ และสุขภาพ
BQ1470.V48 อ656พ  
  Barcode: 24553
ห้องสมุดวิทยาเขตสวรรค์ประชารักษ์
►หนังสือทั่วไป
บนชั้น

BibComment


ยังไม่เคยถูกคอมเมนท์

คอมเมนท์ทรัพยากรรายการนี้
  คอมเมนท์: เทศน์มหาชาติมหากุ..


 Copyright 2026. Bcnsprnw @Library